000 01290 a2200253 4500
001 4860
005 20260407155436.0
008 260407a1988 arg spa d
003 AR-UNSa-BCEJYS
040 _aAR-UNSa-BCEJYS
_bspa
_cAR-UNSa-BCEJYS
080 _a512
_xAlgebra
245 1 0 _aFundamentos de matemáticas universitarias
020 _a968-6046-95-X
250 _a3a. ed.
264 1 _aMéxico :
_bMcGraw-Hill
_c1988
300 _axiv, 636 p.
_c23 cm.
505 _a1. El método matemático - 2. El sistema de los números - 3. Polinomios - 4. Fracciones algebraicas - 5. Exponentes y radicales - 6. Ecuaciones - 7. Vectores y matrices - 8. Desigualdades - 9. Funciones y relaciones - 10. Funciones algebraicas - 11. Funciones exponenciales y logaritmicas - 12. Funciones trigonometricas de angulos - 13. Funciones trigonométricas de números reales - 14. Geometria análitica - 15. Integración intuitiva - 16. Derivación intuitiva - 17. Funciones hiperbólicas -
942 _cBK
590 _aniveau_biblio:m niveau_hierar:0
100 1 _aAllendoerfer, Carl B.
700 1 _aOakley, Cletus O.
700 1 _aLinares Alonso, Antonio
856 4 1 _uhttps://t0.gstatic.com/images?q=tbn:ANd9GcTHYTwn54q1QTnCB2EryimC9wDwkskYG_m18jLikWsscRcAUlaa
_yImagen de portada
_qimage/jpeg
999 _c438
_d438